000 00691nam a2200289Ia 4500
005 20260324122521.0
008 008 260324s9999 xx 000 0 eng d
020 _a9780203730157
037 _aEBOOK
040 _aCRL
040 _beng
040 _cCRL
041 _2eng
041 _aeng
084 _qCRL
100 _aIan Taylor; Paul Walton; Jock Young
_91166751
245 4 _aThe New Criminology
245 0 _bFor a Social Theory of Deviance
260 _bTaylor and Francis
260 _c2013
365 _a
365 _b230
856 _uhttp://www.taylorfrancis.com/books/9780203730157
942 _cEBOOK
999 _c1759569
_d1759569